Хрептовича-Бутенева К.

Доступно только в Электронных читальных залах Найти на картеНа карте
RUSMARC
00003804nac2a22002771x 450
0019bf62e65-f1c5-4d3c-95bf-981c99fcd86a
00520131119103616.0
100##$a20130605l19011902k y0rusy50 ca
1010#$arus
102##$aRU
105##$ay z |||||
1222#$ad19011209
$ad19021123
2001#$aХрептовича-Бутенева К.
$j9 декабря 1901 - 23 ноября 1902
215##$a6 листов
251##$cДело
300##$aЗаголовок дела на папке: Письма Хрептовича-Бутенева К. Кони А. Ф.
300##$aРукописный текст
330##$aПереписка А. Ф. Кони; Письма к А. Ф. Кони
461#0$10013a54f2e3-e9cf-409b-80fa-f0a9bd3c40cb
$12001
$aКони Анатолий Федорович, юрист, литератор, член академии наук, председатель Санкт-Петербургского окружного суда, член государственного совета
$1251
$cФонд
$1852
$j564
462#0$100178a475cd-a47d-4377-bff3-cee4b81de655
$12001
$aОпись дел фонда А. Ф. Кони за 1880-1931 гг.
$1251
$cОпись
$1852
$j1
517##$aПисьма Хрептовича-Бутенева К. Кони А. Ф.
600#1$aКони
$bА. Ф.
$f1844-1927
$gАнатолий Федорович
600#1$aХрептович-Бутенев
$bК.
801#0$aRU
$bGA_RF
801#1$aRU
$bНПО Опыт
$c20130605
$2rusmarc
801#2$aRU
$bПБ им. Б.Н. Ельцина
$c20131119
$gRCR
$2rusmarc
852##$aГА РФ
$j3611
937##$d41801858
$hПБ
035##$aRuPRLIB51006237
Формат отображения